000 01028nam a22003137a 4500
001 BR8403516
003 BR-BrBNA
005 20230928091950.0
007 ta
008 230509b bl.||||| |||| 00| 0 por d
040 _aBR-BrBNA
_bpor
_cBiblioteca Nacional de Agricultura
041 _a(Por)
072 _aF00
_b0940
_b3530
_b3650
090 _ 0940 BR8403516
100 1 _aSilva, A.L. da
110 1 _aUniversidade Federal de Pelotas, RS (Brasil)
_0Dissertacao (Mestre)
_910876
245 1 _aInfluencia do acido indolilbutirico (AIB)na obtencao de mudas enxertadas de videira (Vitis spp.)em ciclo vegetativo [estimulante de crescimento vegetal]
260 3 _aPelotas, RS (Brasil):
_c1984.
300 _a51 p.
500 _a8 graphs; 11 tables; Bibliography p. 44-51 (73 ref.); Summaries (Eng, Por)
650 _aUVA
650 _aMUDA
650 _aENXERTO
650 _aESTACA
650 _aESTIMULANTE DE CRESCIMENTO VEGETAL
650 _aRENDIMENTO
909 _a202309
_bLucia
_c55
_dLucia Elande
942 _cBK
999 _c36445
_d36445